Pouvoirs urbains : Ville, politique et globalisation (notice n° 1926056)
[ vue normale ]
| 000 -LEADER | |
|---|---|
| fixed length control field | 01599cam a2200145 4500500 |
| 005 - DATE AND TIME OF LATEST TRANSACTION | |
| control field | 20260329023301.0 |
| 041 ## - LANGUAGE CODE | |
| Language code of text/sound track or separate title | fre |
| 042 ## - AUTHENTICATION CODE | |
| Authentication code | dc |
| 100 10 - MAIN ENTRY--PERSONAL NAME | |
| Personal name | Lefèvre, Christian |
| Relator term | author |
| 245 00 - TITLE STATEMENT | |
| Title | Pouvoirs urbains : Ville, politique et globalisation |
| 260 ## - PUBLICATION, DISTRIBUTION, ETC. | |
| Name of publisher, distributor, etc. | Armand Colin,<br/> |
| Date of publication, distribution, etc. | 2020.<br/> |
| 520 ## - SUMMARY, ETC. | |
| Summary, etc. | https://youtu.be/VIoLfkklOEY Plus de la moitié des habitants de la planète vit désormais dans les villes.L’urbain est devenu le cadre dominant des pratiques et des relations sociales, mais aussi l’écosystème où s’épanouit le capitalisme globalisé. La ville s’est ainsi imposée comme une échelle clé pour comprendre et agir sur les enjeux économiques, sociaux et environnementaux de notre temps. Les acteurs urbains, qu’ils soient élus, bureaucrates, acteurs économiques, professionnels de la ville ou chercheurs, s’efforcent de donner sens aux transformations qui travaillent les villes et d’y répondre à coup d’innovations politiques, économiques et sociales.Espace d’innovation, l’urbain est aussi devenu objet de controverses tout à la fois scientifiques et politiques. Cet ouvrage dresse un bilan critique de ces débats en s’attardant sur cinq controverses : l’urbanisation généralisée, les rapports entre milieux urbains et capitalisme, les relations entre les villes et les États, la distribution du pouvoir dans la ville et la démocratie urbaine, la gouvernance des espaces métropolitains. |
| 700 10 - ADDED ENTRY--PERSONAL NAME | |
| Personal name | Pinson, Gilles |
| Relator term | author |
| 856 41 - ELECTRONIC LOCATION AND ACCESS | |
| Uniform Resource Identifier | <a href="https://shs.cairn.info/pouvoirs-urbains--9782200624880?lang=fr&redirect-ssocas=7080">https://shs.cairn.info/pouvoirs-urbains--9782200624880?lang=fr&redirect-ssocas=7080</a> |
Pas d'exemplaire disponible.




Réseaux sociaux